| 000 | 00767cam a22002292 4500 | ||
|---|---|---|---|
| 001 | 0000020287 | ||
| 005 | 20151217152211.0 | ||
| 008 | 110908s xx 000 0 eng d | ||
| 020 | _a1405362146 | ||
| 040 |
_aKABU _cKABU |
||
| 110 | 2 |
_aSt. John Ambulance. _@0000179630 |
|
| 245 | 1 | 0 |
_aFirst aid manual / _cSt. John Ambulance, St. Andrew's Ambulance Association, British Red Cross. |
| 250 | _aRev. 9th ed. | ||
| 260 |
_aLondon : _bDorling Kindersley, _c2011. |
||
| 300 | _a288 p. | ||
| 650 | 0 |
_aFirst aid in injury and illness. _@0000179910 |
|
| 710 | 2 |
_aSt, Andrew's Ambulance Association. _@0000179911 |
|
| 710 | 2 |
_aBritish Red Cross Society. _@0000052330 |
|
| 852 | 1 | _9p810 KES | |
| 908 | _a110908 | ||
| 950 | _@1 | ||
| 999 |
_c9253 _d9253 |
||